[Event "OP-2013-0-03171"]
[Site "LSS email"]
[Date "2013.12.13"]
[Round "?"]
[White "Chamberlain, Edwin"]
[Black "Pastorek, Ondrej"]
[Result "1-0"]
[WhiteElo "926"]
[BlackElo "950"]
[PlyCount "31"]
[EventDate "2013.12.10"]
[EventType "tourn (corr)"]
[EventRounds "4"]
[EventCountry "GER"]
[SourceTitle "Telechess CBM 167"]
[Source "ChessBase"]
[SourceDate "2015.07.13"]
[SourceVersion "1"]
[SourceVersionDate "2015.07.13"]
[SourceQuality "1"]

1. d4 d5 2. c4 e6 3. Nc3 a6 4. cxd5 exd5 5. Nf3 c6 6. Qb3 Qf6 7. Bg5 Qd6 8. g3 f6 9. Bf4 Qe7 10. Bg2 g5 11. Bxb8 Rxb8 12. 0-0 b5 13. e4 Be6 14. exd5 cxd5 15. Rfe1 g4 16. Nh4 1-0

[Event "LSS No Engine Cup 100 Preliminary 1"]
[Site "LSS email"]
[Date "2013.12.13"]
[Round "?"]
[White "Chamberlain, Edwin"]
[Black "Ruzicka, Richard"]
[Result "0-1"]
[WhiteElo "926"]
[BlackElo "1302"]
[PlyCount "140"]
[EventDate "2013.12.14"]
[EventType "tourn (corr)"]
[EventRounds "6"]
[EventCountry "GER"]
[SourceTitle "Telechess CBM 167"]
[Source "ChessBase"]
[SourceDate "2015.07.13"]
[SourceVersion "1"]
[SourceVersionDate "2015.07.13"]
[SourceQuality "1"]

1. d4 Nf6 2. c4 e6 3. Nc3 Bb4 4. Qc2 0-0 5. e3 b6 6. Bd3 d5 7. Nge2 Ba6 8. b3 Nbd7 9. 0-0 Bb7 10. a3 Bxc3 11. Nxc3 c5 12. Re1 dxc4 13. bxc4 g6 14. Bb2 Rc8 15. Nb5 Ra8 16. Nd6 Qc7 17. Nxb7 Qxb7 18. Rac1 Rac8 19. Qb3 Ne4 20. f3 Nd6 21. d5 e5 22. e4 Rfe8 23. f4 f6 24. f5 g5 25. g4 Rb8 26. a4 a6 27. Rb1 Kg7 28. h3 Rh8 29. Re2 h5 30. Rh2 hxg4 31. hxg4 Rxh2 32. Kxh2 Rh8+ 33. Kg3 Qb8 34. a5 bxa5 35. Qa4 Qd8 36. Bc3 Qe7 37. Qxa5 Rb8 38. Rxb8 Nxb8 39. Qb6 Nb7 40. Bc2 Kh6 41. Ba4 Kg7 42. Bc6 Nxc6 43. dxc6 Nd6 44. Kf3 Nxc4 45. Qb7 Kf7 46. c7 Nd6 47. Qd5+ Kg7 48. Qxd6 Qxd6 49. c8Q Qd3+ 50. Kf2 Qxc3 51. Qd7+ Kg8 52. Qe8+ Kh7 53. Qf7+ Kh8 54. Qxf6+ Kh7 55. Qg6+ Kh8 56. Qh6+ Kg8 57. Qxg5+ Kh8 58. Qe3 Qd4 59. Kf3 a5 60. Qh6+ Kg8 61. f6 Qd3+ 62. Qe3 Qf1+ 63. Kg3 Qf4+ 64. Qxf4 exf4+ 65. Kxf4 a4 66. Kf5 a3 67. e5 a2 68. e6 a1Q 69. Kg6 Qb1+ 70. Kg5 Qe4 0-1

[Event "LSS No Engine Cup 100 Preliminary 1"]
[Site "LSS email"]
[Date "2013.12.13"]
[Round "?"]
[White "Kulakiewicz, Mariusz"]
[Black "Chamberlain, Edwin"]
[Result "1-0"]
[WhiteElo "1828"]
[BlackElo "926"]
[PlyCount "59"]
[EventDate "2013.12.14"]
[EventType "tourn (corr)"]
[EventRounds "6"]
[EventCountry "GER"]
[SourceTitle "Telechess CBM 167"]
[Source "ChessBase"]
[SourceDate "2015.07.13"]
[SourceVersion "1"]
[SourceVersionDate "2015.07.13"]
[SourceQuality "1"]

1. e4 g6 2. d4 Bg7 3. c4 c5 4. d5 d6 5. f4 Qa5+ 6. Bd2 Qb6 7. Nc3 e6 8. Nf3 Nf6 9. Qe2 0-0 10. e5 dxe5 11. fxe5 Ng4 12. h3 Nh6 13. 0-0-0 exd5 14. Nxd5 Qd8 15. Bg5 f6 16. Bxh6 Bxh6+ 17. Kb1 Bf5+ 18. Ka1 Qa5 19. g4 Be6 20. exf6 Bxd5 21. Rxd5 Nc6 22. g5 Nb4 23. a3 Rae8 24. Re5 Rxe5 25. Qxe5 Nc2+ 26. Kb1 Rd8 27. gxh6 Rd1+ 28. Kxc2 Qa4+ 29. b3 Qxa3 30. Qe8# 1-0

[Event "LSS No Engine Cup 100 Preliminary 1"]
[Site "LSS email"]
[Date "2013.12.13"]
[Round "?"]
[White "Wilshusen, Horst"]
[Black "Chamberlain, Edwin"]
[Result "1-0"]
[WhiteElo "1338"]
[BlackElo "926"]
[PlyCount "47"]
[EventDate "2013.12.14"]
[EventType "tourn (corr)"]
[EventRounds "6"]
[EventCountry "GER"]
[SourceTitle "Telechess CBM 167"]
[Source "ChessBase"]
[SourceDate "2015.07.13"]
[SourceVersion "1"]
[SourceVersionDate "2015.07.13"]
[SourceQuality "1"]

1. e4 g6 2. d4 Bg7 3. c3 d5 4. exd5 Qxd5 5. Be2 e5 6. Nf3 Nc6 7. c4 Qd6 8. c5 Qd5 9. Nc3 Qd8 10. Bg5 Bf6 11. Bxf6 Nxf6 12. d5 e4 13. dxc6 Qxd1+ 14. Rxd1 exf3 15. Bxf3 b6 16. Nb5 0-0 17. Nxc7 Rb8 18. 0-0 Bg4 19. Bxg4 Nxg4 20. Nd5 Kg7 21. c7 Rbc8 22. cxb6 axb6 23. Rc1 Nf6 24. Nxb6 1-0

[Event "LSS No Engine Cup 99 Preliminary 0"]
[Site "LSS email"]
[Date "2013.12.03"]
[Round "?"]
[White "Chamberlain, Edwin"]
[Black "Winkler, Matthias"]
[Result "1-0"]
[WhiteElo "1321"]
[BlackElo "1842"]
[PlyCount "25"]
[EventDate "2013.12.04"]
[EventType "tourn (corr)"]
[EventRounds "6"]
[EventCountry "GER"]
[SourceTitle "Corr 2022"]
[Source "ChessBase"]
[SourceDate "2021.10.24"]
[SourceVersion "1"]
[SourceVersionDate "2021.10.24"]
[SourceQuality "1"]

1. d4 d5 2. c4 e6 3. Nc3 c5 4. cxd5 exd5 5. Nf3 Nc6 6. g3 Nf6 7. Bg2 c4 8. 0-0 Be7 9. Bf4 0-0 10. Nb5 Bf5 11. a3 Qb6 12. Nc7 Rad8 13. Ng5 1-0

[Event "LSS No Engine Cup 98 Preliminary 0"]
[Site "LSS email"]
[Date "2013.11.20"]
[Round "?"]
[White "Chamberlain, Edwin"]
[Black "Kolanek, Roman"]
[Result "0-1"]
[WhiteElo "1309"]
[BlackElo "2200"]
[PlyCount "54"]
[EventDate "2013.11.21"]
[EventType "tourn (corr)"]
[EventRounds "6"]
[EventCountry "GER"]
[SourceTitle "Corr 2022"]
[Source "ChessBase"]
[SourceDate "2021.10.24"]
[SourceVersion "1"]
[SourceVersionDate "2021.10.24"]
[SourceQuality "1"]

1. d4 Nf6 2. c4 e6 3. Nc3 d5 4. cxd5 exd5 5. Bg5 Be7 6. Nf3 0-0 7. e3 h6 8. Bf4 Bd6 9. Bxd6 Qxd6 10. Bd3 Bg4 11. 0-0 c6 12. Be2 Nbd7 13. Qc2 Rfe8 14. Bd3 Bxf3 15. gxf3 Rac8 16. Ne2 c5 17. dxc5 Rxc5 18. Qb3 Ne5 19. Ng3 Nxf3+ 20. Kg2 Nd2 21. Qxb7 d4 22. Rfd1 dxe3 23. Bh7+ Kxh7 24. Qf3 Nd5 25. Qf5+ Kh8 26. Qxf7 Nf4+ 27. Kg1 exf2+ 0-1

[Event "LSS No Engine Cup 98 Preliminary 0"]
[Site "LSS email"]
[Date "2013.11.20"]
[Round "?"]
[White "Dlugolecki, Grzegorz"]
[Black "Chamberlain, Edwin"]
[Result "1-0"]
[WhiteElo "1600"]
[BlackElo "1309"]
[PlyCount "39"]
[EventDate "2013.11.21"]
[EventType "tourn (corr)"]
[EventRounds "6"]
[EventCountry "GER"]
[SourceTitle "Corr 2022"]
[Source "ChessBase"]
[SourceDate "2021.10.24"]
[SourceVersion "1"]
[SourceVersionDate "2021.10.24"]
[SourceQuality "1"]

1. e4 g6 2. d4 Bg7 3. f4 d5 4. e5 e6 5. a4 Ne7 6. Be3 Nf5 7. Bf2 0-0 8. g4 Nh4 9. Qd3 Nc6 10. c3 g5 11. Bxh4 gxh4 12. Qe3 f5 13. gxf5 Rxf5 14. Nh3 Bd7 15. Rg1 Qe7 16. Bd3 Rf7 17. Ng5 Rf5 18. Bxf5 exf5 19. Qf3 Rd8 20. Qxd5+ 1-0

[Event "LSS No Engine Cup 98 Preliminary 0"]
[Site "LSS email"]
[Date "2013.11.20"]
[Round "?"]
[White "Klawitter, Bernd"]
[Black "Chamberlain, Edwin"]
[Result "0-1"]
[WhiteElo "1113"]
[BlackElo "1309"]
[PlyCount "82"]
[EventDate "2013.11.21"]
[EventType "tourn (corr)"]
[EventRounds "6"]
[EventCountry "GER"]
[SourceTitle "Corr 2022"]
[Source "ChessBase"]
[SourceDate "2021.10.24"]
[SourceVersion "1"]
[SourceVersionDate "2021.10.24"]
[SourceQuality "1"]

1. f4 g6 2. Nf3 Bg7 3. c3 c5 4. e3 Nf6 5. d4 cxd4 6. exd4 0-0 7. Bd3 Nc6 8. Be3 d5 9. 0-0 Ne4 10. Bxe4 dxe4 11. Ne5 Nxe5 12. fxe5 b6 13. Qe2 Bb7 14. Nd2 e6 15. Kh1 Qd5 16. a3 a5 17. c4 Ba6 18. cxd5 Bxe2 19. Rf2 Bd3 20. d6 Rac8 21. Nb3 Bc4 22. Nc1 b5 23. b3 Bd5 24. Raa2 Rfd8 25. Rac2 Bc6 26. h3 f6 27. exf6 Bh8 28. f7+ Kf8 29. Bh6+ Bg7 30. Bg5 Bxd4 31. Be7+ Kg7 32. Rxc6 Bxf2 33. Rxc8 Rxc8 34. f8Q+ Rxf8 35. Bxf8+ Kxf8 36. Ne2 Ke8 37. g4 Bc5 38. Nc3 e3 39. Kg2 b4 40. axb4 axb4 41. Kf3 bxc3 0-1

[Event "LSS No Engine Cup 97 Preliminary 5"]
[Site "LSS email"]
[Date "2013.11.04"]
[Round "?"]
[White "Chamberlain, Edwin"]
[Black "Lombardi, Donato"]
[Result "1-0"]
[WhiteElo "926"]
[BlackElo "855"]
[PlyCount "97"]
[EventDate "2013.11.05"]
[EventType "tourn (corr)"]
[EventRounds "6"]
[EventCountry "GER"]
[SourceTitle "Telechess CBM 167"]
[Source "ChessBase"]
[SourceDate "2015.07.13"]
[SourceVersion "1"]
[SourceVersionDate "2015.07.13"]
[SourceQuality "1"]

1. d4 d5 2. c4 c6 3. Nf3 Nf6 4. Nc3 e6 5. cxd5 cxd5 6. Bg5 a6 7. e4 Be7 8. e5 Nfd7 9. Bxe7 Qxe7 10. Bd3 Nc6 11. 0-0 Qb4 12. Qb3 Qxb3 13. axb3 0-0 14. Rfc1 f6 15. exf6 Nxf6 16. Na4 Bd7 17. Nb6 Rab8 18. Ne5 Be8 19. Bxa6 bxa6 20. Nxc6 Rxb6 21. Ne7+ Kh8 22. Rc8 h6 23. Ng6+ Kg8 24. Nxf8 Kxf8 25. Ra8 Ke7 26. R1xa6 Rxb3 27. R6a7+ Kd6 28. Rd8+ Kc6 29. Rc8+ Kd6 30. Rd8+ Kc6 31. Rxg7 Rxb2 32. g3 Bh5 33. Kg2 Ne4 34. Rf8 Rd2 35. g4 Be8 36. Rxe8 Nxf2 37. Rxe6+ Kb5 38. Rf7 Nxg4+ 39. Kg3 Nxh2 40. Rf2 Rxf2 41. Kxf2 Kc4 42. Rg6 Kxd4 43. Rg2 Kc3 44. Rxh2 d4 45. Ke2 d3+ 46. Kd1 Kc4 47. Rxh6 Kc3 48. Rd6 Kc4 49. Kd2 1-0

[Event "OP-2013-0-03096"]
[Site "LSS email"]
[Date "2013.11.02"]
[Round "?"]
[White "Chamberlain, Edwin"]
[Black "Lenz, Juergen"]
[Result "0-1"]
[WhiteElo "1011"]
[BlackElo "1077"]
[PlyCount "66"]
[EventDate "2013.10.31"]
[EventType "tourn (corr)"]
[EventRounds "4"]
[EventCountry "GER"]
[SourceTitle "Corr 2022"]
[Source "ChessBase"]
[SourceDate "2021.10.24"]
[SourceVersion "1"]
[SourceVersionDate "2021.10.24"]
[SourceQuality "1"]

1. d4 Nf6 2. c4 c5 3. d5 Ne4 4. Qc2 Qa5+ 5. Nc3 Nxc3 6. Bd2 e5 7. Bxc3 Qc7 8. f4 d6 9. fxe5 dxe5 10. Nf3 Bd6 11. e3 Bg4 12. Bd3 h6 13. Nh4 Na6 14. a3 0-0-0 15. h3 Bd7 16. 0-0-0 g6 17. g4 h5 18. gxh5 Rxh5 19. Nf3 Rdh8 20. h4 Bg4 21. Rdf1 Bxf3 22. Rxf3 Rxh4 23. Rxh4 Rxh4 24. Rf1 f5 25. Qg2 Qh7 26. Qxg6 Qxg6 27. Bxf5+ Qxf5 28. Rxf5 Rxc4 29. Kd2 Rh4 30. Bxe5 Bxe5 31. Rxe5 Kd7 32. e4 c4 33. Re6 Nc5 0-1

[Event "OP-2013-0-03075"]
[Site "LSS email"]
[Date "2013.10.23"]
[Round "?"]
[White "Zabransky, Frantisek"]
[Black "Chamberlain, Edwin"]
[Result "1-0"]
[WhiteElo "1276"]
[BlackElo "871"]
[PlyCount "41"]
[EventDate "2013.10.20"]
[EventType "tourn (corr)"]
[EventRounds "4"]
[EventCountry "GER"]
[SourceTitle "Telechess CBM 163"]
[Source "ChessBase"]
[SourceDate "2014.11.11"]
[SourceVersion "2"]
[SourceVersionDate "2014.11.11"]
[SourceQuality "1"]

1. e4 g6 2. d4 Bg7 3. Nf3 c5 4. d5 d6 5. Be2 Nf6 6. Qd3 0-0 7. Nc3 a6 8. a4 Nbd7 9. h3 Qc7 10. a5 Ne8 11. Ng5 Ne5 12. Qg3 b5 13. axb6 Qxb6 14. Nd1 Qb4+ 15. Bd2 Qb6 16. f4 Nd7 17. Ba5 Qb8 18. 0-0 Bxb2 19. Nxb2 Qxb2 20. Bc3 Qxc2 21. Bd1 1-0

[Event "LSS No Engine Cup 96 Preliminary 0"]
[Site "LSS email"]
[Date "2013.10.15"]
[Round "?"]
[White "Chamberlain, Edwin"]
[Black "Heineccius, August"]
[Result "1-0"]
[WhiteElo "1335"]
[BlackElo "990"]
[PlyCount "39"]
[EventDate "2013.10.16"]
[EventType "tourn (corr)"]
[EventRounds "6"]
[EventCountry "GER"]
[SourceTitle "Corr 2022"]
[Source "ChessBase"]
[SourceDate "2021.10.24"]
[SourceVersion "1"]
[SourceVersionDate "2021.10.24"]
[SourceQuality "1"]

1. d4 d5 2. c4 e6 3. Nc3 Bb4 4. Qc2 c6 5. cxd5 exd5 6. Nf3 Bg4 7. Ne5 Bh5 8. Bd2 Ne7 9. e4 c5 10. Bb5+ Kf8 11. dxc5 Bxc5 12. 0-0 a6 13. Bd3 f6 14. Nf3 d4 15. Nd5 Nd7 16. Nxf6 gxf6 17. Bh6+ Kf7 18. Bc4+ Kg6 19. Qd2 Nb6 20. Nh4# 1-0

[Event "OP-2013-0-03050"]
[Site "LSS email"]
[Date "2013.10.10"]
[Round "?"]
[White "Chamberlain, Edwin"]
[Black "Cirovic, Zeljko"]
[Result "0-1"]
[WhiteElo "871"]
[BlackElo "1138"]
[PlyCount "50"]
[EventDate "2013.10.07"]
[EventType "tourn (corr)"]
[EventRounds "4"]
[EventCountry "GER"]
[SourceTitle "Telechess CBM 163"]
[Source "ChessBase"]
[SourceDate "2014.11.11"]
[SourceVersion "2"]
[SourceVersionDate "2014.11.11"]
[SourceQuality "1"]

1. d4 d5 2. c4 dxc4 3. e4 c5 4. d5 e6 5. Bxc4 exd5 6. Qxd5 Qxd5 7. Bxd5 Nf6 8. Nc3 Nxd5 9. Nxd5 Na6 10. Nf3 Be6 11. 0-0 0-0-0 12. Rd1 Nb4 13. Nc3 Be7 14. Bf4 Rxd1+ 15. Rxd1 Nxa2 16. Nd5 Bxd5 17. Rxd5 Nb4 18. Rd1 h6 19. Ne5 f6 20. Ng6 Re8 21. Nxe7+ Rxe7 22. f3 g5 23. Bg3 Rd7 24. Rc1 b6 25. Be1 Nd3 0-1

[Event "OP-2013-0-03043"]
[Site "LSS email"]
[Date "2013.10.06"]
[Round "?"]
[White "Chamberlain, Edwin"]
[Black "Tavenrath, Rainer"]
[Result "0-1"]
[WhiteElo "959"]
[BlackElo "866"]
[PlyCount "78"]
[EventDate "2013.10.03"]
[EventType "tourn (corr)"]
[EventRounds "4"]
[EventCountry "GER"]
[SourceTitle "Corr 2022"]
[Source "ChessBase"]
[SourceDate "2021.10.24"]
[SourceVersion "1"]
[SourceVersionDate "2021.10.24"]
[SourceQuality "1"]

1. d4 Nf6 2. c4 g6 3. Nc3 d5 4. Qb3 dxc4 5. Qxc4 Bg7 6. e4 0-0 7. Nf3 c6 8. Be2 b5 9. Qd3 b4 10. Na4 Qa5 11. b3 Ba6 12. Qe3 Rd8 13. 0-0 Ng4 14. Qd2 Ne5 15. Nxe5 Bxe5 16. Bxa6 Nxa6 17. Bb2 Bxd4 18. Bxd4 e5 19. Bb6 axb6 20. Qe3 Nc5 21. Nxc5 Qxc5 22. Qxc5 bxc5 23. Rfc1 c4 24. Rxc4 Rxa2 25. Rac1 Rdd2 26. Rf1 Rd4 27. Rxc6 Rxe4 28. g3 Rb2 29. Rc4 Rxc4 30. bxc4 b3 31. c5 Rc2 32. Rb1 b2 33. Kg2 Kf8 34. Kf3 Ke7 35. Ke3 Kd7 36. h3 Kc6 37. f3 Kxc5 38. Kd3 Rg2 39. g4 Kb4 0-1

[Event "OP-2013-0-03043"]
[Site "LSS email"]
[Date "2013.10.05"]
[Round "?"]
[White "Chamberlain, Edwin"]
[Black "Lenz, Juergen"]
[Result "1-0"]
[WhiteElo "959"]
[BlackElo "1212"]
[PlyCount "39"]
[EventDate "2013.10.03"]
[EventType "tourn (corr)"]
[EventRounds "4"]
[EventCountry "GER"]
[SourceTitle "Corr 2022"]
[Source "ChessBase"]
[SourceDate "2021.10.24"]
[SourceVersion "1"]
[SourceVersionDate "2021.10.24"]
[SourceQuality "1"]

1. d4 Nf6 2. c4 c5 3. d5 Ne4 4. Qc2 Qa5+ 5. Nc3 Nxc3 6. Bd2 e5 7. Bxc3 Qc7 8. e4 d6 9. Bd3 Be7 10. f4 Nd7 11. Nf3 Bf6 12. f5 Nf8 13. 0-0-0 Bd7 14. g4 h6 15. h4 0-0-0 16. g5 Be7 17. Kb1 Be8 18. Qg2 hxg5 19. hxg5 Nd7 20. Rxh8 1-0

[Event "OP-2013-0-03040"]
[Site "LSS email"]
[Date "2013.10.04"]
[Round "?"]
[White "Meisinger, Peter"]
[Black "Chamberlain, Edwin"]
[Result "0-1"]
[WhiteElo "1154"]
[BlackElo "871"]
[PlyCount "42"]
[EventDate "2013.10.01"]
[EventType "tourn (corr)"]
[EventRounds "4"]
[EventCountry "GER"]
[SourceTitle "Telechess CBM 163"]
[Source "ChessBase"]
[SourceDate "2014.11.11"]
[SourceVersion "2"]
[SourceVersionDate "2014.11.11"]
[SourceQuality "1"]

1. d4 g6 2. e4 Bg7 3. Nf3 c5 4. Nc3 cxd4 5. Nxd4 Nc6 6. Nxc6 bxc6 7. Bc4 d6 8. Qf3 Nf6 9. 0-0 0-0 10. Bg5 Bb7 11. Rfe1 d5 12. exd5 Nxd5 13. Rad1 Qa5 14. Nxd5 cxd5 15. Bb3 e6 16. Bd2 Qc7 17. Qe2 Bxb2 18. c4 dxc4 19. Bxc4 Rac8 20. Bb3 Qc6 21. Bh6 Qxg2# 0-1

[Event "OP-2013-0-03030"]
[Site "LSS email"]
[Date "2013.09.30"]
[Round "?"]
[White "Chamberlain, Edwin"]
[Black "Raines, David T"]
[Result "0-1"]
[WhiteElo "871"]
[BlackElo "941"]
[PlyCount "40"]
[EventDate "2013.09.27"]
[EventType "tourn (corr)"]
[EventRounds "4"]
[EventCountry "GER"]
[SourceTitle "Telechess CBM 163"]
[Source "ChessBase"]
[SourceDate "2014.11.11"]
[SourceVersion "2"]
[SourceVersionDate "2014.11.11"]
[SourceQuality "1"]

1. d4 Nf6 2. c4 e6 3. Nc3 Bb4 4. Qc2 0-0 5. a3 Bxc3+ 6. Qxc3 b6 7. f3 Bb7 8. e3 d5 9. Bd3 dxc4 10. Bxc4 Nd5 11. Qc2 Ba6 12. Ne2 Qg5 13. Kf2 Qh4+ 14. Ng3 c6 15. Bxa6 Nxa6 16. Qxc6 Rac8 17. Qb7 Rc2+ 18. Kf1 Nac7 19. Qxa7 Rc8 20. e4 Nb5 0-1

[Event "OP-2013-0-03025"]
[Site "LSS email"]
[Date "2013.09.28"]
[Round "?"]
[White "Chamberlain, Edwin"]
[Black "Kratky, Josef"]
[Result "1-0"]
[WhiteElo "871"]
[BlackElo "1145"]
[PlyCount "37"]
[EventDate "2013.09.25"]
[EventType "tourn (corr)"]
[EventRounds "4"]
[EventCountry "GER"]
[SourceTitle "Corr 2015"]
[Source "ChessBase"]
[SourceDate "2015.07.17"]
[SourceVersion "1"]
[SourceVersionDate "2015.07.17"]
[SourceQuality "1"]

1. d4 Nf6 2. c4 e6 3. Nc3 c5 4. d5 exd5 5. cxd5 d6 6. e4 g6 7. f4 Bg7 8. Bb5+ Nfd7 9. Nf3 a6 10. Be2 b5 11. 0-0 0-0 12. Be3 Nf6 13. e5 Ng4 14. Qd2 Nxe3 15. Qxe3 dxe5 16. fxe5 c4 17. Rad1 Bg4 18. h3 Bxf3 19. Bxf3 1-0

[Event "SN-2013-0-00537"]
[Site "LSS email"]
[Date "2013.09.09"]
[Round "?"]
[White "Chamberlain, Edwin"]
[Black "Linart, Ludvik"]
[Result "0-1"]
[WhiteElo "926"]
[BlackElo "904"]
[PlyCount "48"]
[EventDate "2013.08.19"]
[EventType "tourn (corr)"]
[EventRounds "6"]
[EventCountry "GER"]
[SourceTitle "Telechess CBM 167"]
[Source "ChessBase"]
[SourceDate "2015.07.13"]
[SourceVersion "1"]
[SourceVersionDate "2015.07.13"]
[SourceQuality "1"]

1. d4 f5 2. Bg5 d6 3. e4 Nf6 4. e5 Ne4 5. Qh5+ g6 6. Qh4 dxe5 7. dxe5 Qd4 8. Nc3 Nc6 9. Rd1 Qxe5 10. Nf3 Qa5 11. Rd5 Qb4 12. Rb5 Qd6 13. Rd5 Qe6 14. Rd3 Nxg5+ 15. Re3 Nxf3+ 16. gxf3 Qg8 17. Bb5 Bd7 18. 0-0 0-0-0 19. Qa4 Kb8 20. Bc4 e6 21. Nb5 a6 22. Nc3 Nd4 23. Qa5 Nxc2 24. Bxa6 Bb4 0-1